000 00542nam a2200169Ia 4500
008 090711s9999 xx 000 0 und d
082 _b27383
100 _aकालेलकर मधुसूदन
245 _aअपराध मीSा केला
260 _c1964
300 _a103
600 _aकालेलकर मधुसूदन
630 _aअपराध मीSा केला
700 _aकालेलकर मधुसूदन
730 _aअपराध मीSा केला
942 _cBOOK
999 _c304837
_d304837